| 000 | 00514nam a22001697a 4500 | ||
|---|---|---|---|
| 008 | 140904b xxu||||| |||| 00| 0 eng d | ||
| 020 | _a9780406010018 | ||
| 050 | _aKD288.A64(1992 vol. 2) | ||
| 245 |
_aThe All England law reports 1992 (vol. 2): _cedited by Peter Hutchesson and assisted by Brook Watson |
||
| 260 |
_aLondon: _bButterworth, _c1992. |
||
| 300 |
_axvi, 928p.: _c25cm. |
||
| 440 | _vVol. 2 | ||
| 500 | _aIncludes index | ||
| 700 | _aHutchesson, Peter | ||
| 700 | _aWatson, Brook | ||
| 942 |
_2lcc _cBK |
||
| 999 |
_c4253 _d11753 |
||